Datum a čas kvízu
34.5
Celkem bodů
Celkový počet nahraných bodů na tomto kvízu bez doplňovacích otázek.
6.
Pořadí na kvízu
Konečné umístění týmu na tomto kvízu.
Zaznamenané odpovědi
| # | Otázka | Odpověď | Body | Výsledky |
|---|---|---|---|---|
| 1. | Ekonomka a bývalá rektorka brn... | Danuše Nerudová | 1 | |
| 2. | Velkolepé čtyřdenní oslavy pla... | medvídek (Paddington) | 1 | |
| 3. | Nejsledovanější kauza současno... | 15 milionů USD | 1 | |
| 4. | Dvě velké banky se v České rep... | Komerční banka, Moneta | 0 | |
| 5. | Hokejista Jaromír Jágr předsta... | konopí | 1 | |
| 6. | V dalším díle této tematické s... | C | 1 | |
| 7. | Paulinie nápojná je známá hlav... | guarana | 1 | |
| 8. | Tento jihoamerický dravý pták... | kondor | 1 | |
| 9. | S podobně vypadajícím zvířetem... | ocelot | 1 | |
| 10. | Tato zelenina pochází z Jižní... | ačokča | 0 |